Management of Nursing Services and Education (Record no. 158575)

MARC details
000 -LEADER
fixed length control field 00391nam a2200145Ia 4500
008 - FIXED-LENGTH DATA ELEMENTS--GENERAL INFORMATION
fixed length control field 230411s9999 xx 000 0 und d
020 ## - INTERNATIONAL STANDARD BOOK NUMBER
International Standard Book Number 978-81-312-5707-4
041 ## - LANGUAGE CODE
Language code of text/sound track or separate title eng
082 ## - DEWEY DECIMAL CLASSIFICATION NUMBER
Classification number AD/610.6/CLE/B09537
100 ## - MAIN ENTRY--PERSONAL NAME
Personal name Clement I
9 (RLIN) 119826
245 ## - TITLE STATEMENT
Title Management of Nursing Services and Education
260 ## - PUBLICATION, DISTRIBUTION, ETC. (IMPRINT)
Name of publisher, distributor, etc. Elsevier
Place of publication, distribution, etc. New Delhi
Date of publication, distribution, etc. 2020
300 ## - PHYSICAL DESCRIPTION
Extent 720p
Holdings
Withdrawn status Lost status Damaged status Not for loan Collection code Home library Current library Date acquired Vendor Cost, normal purchase price Bill number Total Checkouts Total Renewals Full call number Barcode Checked out Date last seen Date last checked out Cost, replacement price Bill Date Koha item type Original Barcode
          Smt. Bakul Tambat Institute of Nursing Education Smt. Bakul Tambat Institute of Nursing Education 10/03/2021 Patil Medical Book House 695.00 5926 23 21 AD 610.6 CLE B09537 BTIN-BK-9537 08/04/2026 25/03/2026 25/03/2026 486.50 08/03/2021 Books B09537
      Reference   Smt. Bakul Tambat Institute of Nursing Education Smt. Bakul Tambat Institute of Nursing Education 10/03/2021 Patil Medical Book House 695.00 5926     AD 610.6 CLE B09538 BTIN-BK-9538   11/04/2023   486.50 08/03/2021 Books B09538
          Smt. Bakul Tambat Institute of Nursing Education Smt. Bakul Tambat Institute of Nursing Education 16/09/2021 Patil Medical Book House 695.00 5926 27 29 AD 610.6 CLE B09561 BTIN-BK-9561 08/04/2026 25/03/2026 25/03/2026 451.75 08/03/2021 Books B09561
          Smt. Bakul Tambat Institute of Nursing Education Smt. Bakul Tambat Institute of Nursing Education 16/09/2021 Patil Medical Book House 695.00 5926 25 29 AD 610.6 CLE B09562 BTIN-BK-9562 08/04/2026 25/03/2026 25/03/2026 451.75 08/03/2021 Books B09562
          Smt. Bakul Tambat Institute of Nursing Education Smt. Bakul Tambat Institute of Nursing Education 16/09/2021 Patil Medical Book House 695.00 5926 27 25 AD 610.6 CLE B09565 BTIN-BK-9565 08/04/2026 25/03/2026 25/03/2026 451.75 08/03/2021 Books B09565